00975cam a22003014a 450000100090000000300040000900500170001300800410003001000170007102000150008804000130010304100130011604200080012904300120013708200160014911000250016524000310019024501300022125000170035126000510036830000430041961000250046270000190048790600450050694200120055199900150056395200950057812986301OSt20230621153208.0021030s2000 fi a 000 0 eng  a 2002507303 a9513732282 aDLCcDLC1 aenghfin apcc ae-fi--- a328.47bFIN1 aFinland.bEduskunta.10aSuomen eduskunta.lEnglish14aThe Finnish parliament /c[edited by the Parliamentary Office in cooperation with Edita ; English translation, David Morris]. a2nd rev. ed. aHelsinki :bFinnish Parliament : Edita,c2000. a86 p. :bill. (chiefly col.) ;c25 cm.10aFinland.bEduskunta.1 aMorris, David. a7bcbccorignewd3encipf20gy-gencatlg 2ddccBK c2269d2269 00102ddc4070a002b002d2023-06-21l0o328.47 FINp10014000r2023-06-21w2023-06-21yBK